| 000 | 00476nam a2200181Ia 4500 | ||
|---|---|---|---|
| 001 | 17846 | ||
| 005 | 20260306171547.0 | ||
| 008 | 260306s9999||||xx |||||||||||||| ||und|| | ||
| 041 | _aESP | ||
| 082 |
_a658.3 _bA43M |
||
| 100 |
_aAlles, Martha Alicia _eAUT |
||
| 245 | 0 |
_aLa marca recursos humanos: _bcómo lograr prestigio dentro de la organización |
|
| 260 | _c2014 | ||
| 300 |
_a300 páginas : _c23 cm. |
||
| 650 | _aGEN | ||
| 654 | _aCAN | ||
| 942 |
_cLIB _dJUS _fJUS _2ddc _n |
||
| 999 |
_c17846 _d17846 |
||